Instituciones de derecho civil
Kaydedildi:
| Asıl Yazarlar: | , |
|---|---|
| Materyal Türü: | Kitap |
| Dil: | İspanyolca |
| Baskı/Yayın Bilgisi: |
Madrid
Tecnos
1974
|
| Seri Bilgileri: | Biblioteca Universitaria Tecnos
|
| Konular: | |
| Etiketler: |
Etiketle
Etiket eklenmemiş, İlk siz ekleyin!
|
MARC
| LEADER | 00000nam a2200000 a 4500 | ||
|---|---|---|---|
| 001 | UCS1619 | ||
| 003 | CL-VaPUC | ||
| 008 | 970515e19740000SP |||||||||||||||||spa|d | ||
| 082 | 0 | 4 | |a 346.46 |b DIE |2 21 |
| 100 | 0 | |a Díez-Picazo y Ponce de León, Luis María |e author |9 386228 | |
| 700 | 0 | |a Gullón, Antonio |e author |9 386229 | |
| 245 | 1 | 0 | |a Instituciones de derecho civil |
| 300 | |a v | ||
| 942 | |c BK | ||
| 945 | |d 19970515 00:00:00 |a cmena | ||
| 260 | |a Madrid |b Tecnos |c 1974 | ||
| 650 | 0 | |a Derecho civil |9 255013 | |
| 650 | 0 | |a Derecho español |9 255291 | |
| 650 | 0 | |a Código civil |9 256135 | |
| 650 | 0 | |a Posesión |9 258681 | |
| 650 | 0 | |a Propiedad |9 255268 | |
| 650 | 0 | |a Derechos reales |9 257708 | |
| 650 | 7 | |a EXPROPIACION |2 CL-VaPUC |9 360440 | |
| 650 | 7 | |a PROPIEDAD HORIZONTAL |2 CL-VaPUC |9 373879 | |
| 650 | 0 | |a Hipoteca |9 255780 | |
| 650 | 0 | |a Familias |9 255641 | |
| 650 | 7 | |a MATRIMONIO |2 CL-VaPUC |9 386230 | |
| 650 | 0 | |a Matrimonio civil |9 385406 | |
| 650 | 0 | |a Divorcio |9 256204 | |
| 650 | 0 | |a Donación |9 255016 | |
| 650 | 0 | |a Sociedades |9 259052 | |
| 650 | 7 | |a BIENES GANANCIALES |2 CL-VaPUC |9 333667 | |
| 650 | 0 | |a Separación de bienes |9 357529 | |
| 650 | 0 | |a Filiación |9 256647 | |
| 650 | 7 | |a FILIACION LEGITIMA |2 CL-VaPUC |9 385874 | |
| 650 | 7 | |a FILIACION ILEGITIMA |2 CL-VaPUC |9 385163 | |
| 650 | 0 | |a Adopción |9 255783 | |
| 650 | 0 | |a Derecho sucesorio |9 255015 | |
| 650 | 0 | |a Herencia |9 256325 | |
| 650 | 0 | |a Testamento |9 258220 | |
| 650 | 0 | |a Herederos |9 357054 | |
| 651 | 0 | |a España |9 254926 | |
| 583 | |a last modification |c 19970515 00:00:00 |k Rodrigo Vera | ||
| 490 | 0 | |a Biblioteca Universitaria Tecnos | |
| 999 | |c 259656 |d 259654 | ||
| 952 | |0 0 |1 0 |4 0 |6 346_460000000000000_DIE_1974 |7 0 |8 A |9 284861 |a BIBDER |b BIBDER |d 2019-11-19 |h v.2 |i 1852760 |l 1 |o 346.46 DIE 1974 |p 1852760 |r 2024-08-09 |s 2024-08-09 |w 2019-11-19 |y BK |k DER | ||